| 000 | 00649cam a2200229 4500500 | ||
|---|---|---|---|
| 005 | 20260405003839.0 | ||
| 041 | _afre | ||
| 042 | _adc | ||
| 100 | 1 | 0 |
_aLacroix, Alexandre _eauthor |
| 245 | 0 | 0 | _aL’art de couper les cheveux en quatre |
| 260 | _c2024. | ||
| 500 | _a65 | ||
| 690 | _aAlexandre Lacroix | ||
| 690 | _aArguments | ||
| 690 | _aJuger | ||
| 690 | _aLogique | ||
| 690 | _aOpinion | ||
| 690 | _aRaison | ||
| 690 | _aVérité | ||
| 786 | 0 | _nPhilosophie magazine | 180 | 6 | 2024-06-01 | p. 28-30 | 1951-1787 | |
| 856 | 4 | 1 | _uhttps://shs.cairn.info/magazine-philosophie-magazine-2024-6-page-28?lang=fr&redirect-ssocas=7080 |
| 999 |
_c2071402 _d2071402 |
||